000 00690nai a2200193Ia 4500
003 IN-BaIIA
008 211028c9999 xx s 000 0 eng d
022 _a1536-1268 (Print)
022 _a1558-2590 (Online)
040 _cIIA Library
245 0 _aIEEE Pervasive Computing
_h[eJournal]
260 _aNew York, USA
_bThe Institute of Electrical and Electronics Engineers, Inc. (IEEE)
310 _aQuarterly
362 _a1(1); 2002 - Present
521 _bSubscribed through National Knowledge Resource Consortium (NKRC)
650 _aComputing and Processing
_948785
856 _uhttps://ieeexplore.ieee.org/servlet/opac?punumber=7756
_yClick Here to Access eJournal
942 _cEJ
999 _c34573
_d34573